[Event "CHN-chB (Women)"]
[Site "Hangzhou"]
[Date "2019.07.07"]
[Round "11"]
[White "Wang, Xuwen"]
[Black "Cui, Wen"]
[Result "1-0"]
[WhiteElo "1877"]
[BlackElo "1745"]
[PlyCount "59"]
[EventDate "2019.07.02"]
[EventType "swiss"]
[EventRounds "11"]
[EventCountry "CHN"]
[SourceTitle "CBM 191 Extra"]
[Source "ChessBase"]
[SourceDate "2019.09.30"]
[SourceVersion "1"]
[SourceVersionDate "2019.09.30"]
[SourceQuality "1"]

1. e4 e5 2. Nf3 Nc6 3. Bb5 a6 4. Bxc6 dxc6 5. d3 f6 6. Be3 Bg4 7. h3 Bh5 8. Nbd2 Qd7 9. Qe2 Bf7 10. d4 exd4 11. Nxd4 0-0-0 12. 0-0 Ne7 13. b4 f5 14. f3 f4 15. Bf2 g5 16. a4 h5 17. b5 a5 18. N2b3 b6 19. bxc6 Nxc6 20. Rfd1 Nb8 21. Nb5 Qe8 22. Rxd8+ Qxd8 23. Nxa5 bxa5 24. Na7+ Kd7 25. Rd1+ Bd6 26. e5 Re8 27. Qb5+ Ke7 28. exd6+ cxd6 29. Qxg5+ Kf8 30. Qh6+ 1-0

[Event "CHN-chB (Women)"]
[Site "Hangzhou"]
[Date "2019.07.05"]
[Round "7"]
[White "Hu, Yu A"]
[Black "Wang, Xuwen"]
[Result "1/2-1/2"]
[WhiteElo "2095"]
[BlackElo "1877"]
[PlyCount "83"]
[EventDate "2019.07.02"]
[EventType "swiss"]
[EventRounds "11"]
[EventCountry "CHN"]
[SourceTitle "CBM 191 Extra"]
[Source "ChessBase"]
[SourceDate "2019.09.30"]
[SourceVersion "1"]
[SourceVersionDate "2019.09.30"]
[SourceQuality "1"]

1. e4 e6 2. d4 d5 3. Nd2 Be7 4. e5 c5 5. c3 Qb6 6. Ndf3 cxd4 7. cxd4 Bd7 8. Bd3 Bb5 9. Ne2 Bxd3 10. Qxd3 Nc6 11. 0-0 Bd8 12. a3 a5 13. Nc3 Nge7 14. Nb5 0-0 15. Bd2 Qa6 16. a4 Bb6 17. Ng5 Ng6 18. Bc3 Bd8 19. h4 h6 20. Nxe6 Ncxe5 21. dxe5 Qxe6 22. Rad1 Qg4 23. Qg3 Qxa4 24. h5 Nf4 25. Nd4 Qxd4 26. Rxd4 Ne2+ 27. Kh2 Nxg3 28. Kxg3 Bc7 29. Rxd5 f6 30. f4 fxe5 31. Bxe5 Rf5 32. Rc1 Bxe5 33. Rxe5 Raf8 34. Rxf5 Rxf5 35. Rc8+ Kh7 36. Kg4 Rb5 37. Rc2 a4 38. g3 Rb3 39. Kh4 b5 40. g4 Rf3 41. Rc5 Rxf4 42. Rxb5 1/2-1/2

[Event "CHN-chT (Women)"]
[Site "Daqing"]
[Date "2019.06.21"]
[Round "3.8"]
[White "Xu, Tong"]
[Black "Wang, Xuwen"]
[Result "1-0"]
[WhiteElo "2131"]
[BlackElo "1837"]
[PlyCount "89"]
[EventDate "2019.06.19"]
[EventType "team-swiss"]
[EventRounds "9"]
[EventCountry "CHN"]
[SourceTitle "CBM 191 Extra"]
[Source "ChessBase"]
[SourceDate "2019.09.30"]
[SourceVersion "1"]
[SourceVersionDate "2019.09.30"]
[SourceQuality "1"]
[WhiteTeam "Shenzhen (W)"]
[BlackTeam "Wuxi (W)"]
[WhiteTeamCountry "CHN"]
[BlackTeamCountry "CHN"]

1. e4 e6 2. d3 d5 3. Qe2 Nf6 4. Nf3 c5 5. g3 Nc6 6. Bg2 Be7 7. 0-0 0-0 8. e5 Nd7 9. Re1 b5 10. h4 Bb7 11. Nbd2 a5 12. Nf1 a4 13. a3 b4 14. h5 bxa3 15. bxa3 Ba6 16. N1h2 c4 17. d4 c3 18. Qe3 Rc8 19. h6 g6 20. Ng4 Na5 21. Qf4 Nb3 22. Rb1 Nxc1 23. Qxc1 Rb8 24. Qe3 Qc7 25. Ng5 Rb2 26. Rbc1 Rb6 27. f4 Bxa3 28. Ra1 Bb2 29. Rxa4 Bb5 30. Rb4 Qc6 31. f5 Bc4 32. Rxb6 Qxb6 33. fxe6 fxe6 34. Nf6+ Nxf6 35. exf6 Rxf6 36. Qe5 Qd8 37. Nxe6 Qe7 38. Qb8+ Rf8 39. Qxf8+ Qxf8 40. Nxf8 Kxf8 41. Bf1 Ba2 42. Bd3 Kf7 43. Rf1+ Kg8 44. Kg2 g5 45. Kh3 1-0

[Event "Asian-ch U14 Girls Rapid"]
[Site "Chiangmai"]
[Date "2018.04.01"]
[Round "2.1"]
[White "Divya, Deshmukh"]
[Black "Wang, Xuwen"]
[Result "1-0"]
[WhiteElo "1544"]
[BlackElo "1773"]
[PlyCount "119"]
[EventDate "2018.04.01"]
[EventType "swiss (rapid)"]
[EventRounds "7"]
[EventCountry "THA"]
[SourceTitle "EXT 2024"]
[Source "ChessBase"]
[SourceDate "2023.10.10"]
[SourceVersion "1"]
[SourceVersionDate "2023.10.10"]
[SourceQuality "1"]

1. d4 f5 2. Nf3 Nf6 3. g3 e6 4. Bg2 c6 5. 0-0 d5 6. c4 Bd6 7. b3 Qe7 8. Ne5 0-0 9. Qc2 Nbd7 10. Bb2 Ne4 11. Nd2 Nxd2 12. Qxd2 Nf6 13. f3 a5 14. Qc2 Bd7 15. Nxd7 Qxd7 16. e4 fxe4 17. fxe4 Ng4 18. Qe2 Nh6 19. exd5 exd5 20. cxd5 cxd5 21. Qh5 Nf5 22. Bxd5+ Kh8 23. Be4 Nh6 24. Qd5 Rab8 25. Bd3 b6 26. Qe4 g6 27. d5+ Kg8 28. Qe6+ Qxe6 29. dxe6 Bc5+ 30. Kh1 Ng4 31. Rxf8+ Rxf8 32. e7 Bxe7 33. Bc4+ Rf7 34. Rf1 Nh6 35. Bc1 Nf5 36. Bxf7+ Kxf7 37. g4 Ke6 38. gxf5+ gxf5 39. Be3 b5 40. Re1 Kd5 41. Bd2 Bd8 42. Bc3 b4 43. Bb2 Kd6 44. Kg2 Bg5 45. Kf3 h6 46. Re8 Kc6 47. Re5 f4 48. Rxa5 Kb6 49. Rxg5 hxg5 50. Bf6 Kb5 51. Bxg5 Kc5 52. Bf6 Kd5 53. h4 Ke6 54. Bd4 Kf5 55. Bc5 Kg6 56. Kxf4 Kh5 57. Bxb4 Kxh4 58. a4 Kh5 59. a5 Kg6 60. a6 1-0

[Event "Wch U12 Girls"]
[Site "Pocos de Caldas"]
[Date "2017.08.28"]
[Round "8"]
[White "Wang, Xuwen"]
[Black "Mironenko, Galina"]
[Result "1-0"]
[WhiteElo "1619"]
[BlackElo "2006"]
[PlyCount "93"]
[EventDate "2017.08.22"]
[EventType "swiss"]
[EventRounds "11"]
[EventCountry "BRA"]
[SourceTitle "CBM 180 Extra"]
[Source "ChessBase"]
[SourceDate "2017.10.06"]
[SourceVersion "1"]
[SourceVersionDate "2017.10.06"]
[SourceQuality "1"]

1. e4 e6 2. d4 d5 3. Nc3 dxe4 4. Nxe4 Bd7 5. Nf3 Bc6 6. Ng3 Nd7 7. Be2 Ngf6 8. 0-0 Be7 9. b3 0-0 10. Bb2 b6 11. c4 Bb7 12. Qc2 c5 13. Rfd1 Qc7 14. dxc5 bxc5 15. Ng5 h6 16. N5e4 Rfd8 17. Nc3 a6 18. a3 Ne5 19. Na2 Nc6 20. Bf1 Rab8 21. Bc3 a5 22. Be1 Nd4 23. Qc3 Qc6 24. Rab1 h5 25. f3 h4 26. Ne2 h3 27. Nxd4 cxd4 28. Qxa5 hxg2 29. Bxg2 Ra8 30. Nb4 Qc8 31. Qe5 Bd6 32. Qg5 Rxa3 33. Nc2 Ra2 34. Nb4 Re2 35. Nd3 Qa8 36. Ra1 Ra2 37. Rxa2 Qxa2 38. Nc1 Qc2 39. Rd3 Nh7 40. Qxd8+ Bf8 41. Bd2 Qd1+ 42. Kf2 e5 43. Qb8 Bc6 44. Qc8 Be4 45. fxe4 Nf6 46. Bf3 Qc2 47. Ke1 1-0

[Event "Zibo zt 3.5 (Women)"]
[Site "Zibo"]
[Date "2017.08.14"]
[Round "11"]
[White "Mu, Chenchen"]
[Black "Wang, Xuwen"]
[Result "0-1"]
[WhiteElo "1639"]
[BlackElo "1619"]
[PlyCount "48"]
[EventDate "2017.08.07"]
[EventType "swiss"]
[EventRounds "11"]
[EventCountry "CHN"]
[SourceTitle "CBM 179 Extra"]
[Source "ChessBase"]
[SourceDate "2017.08.23"]
[SourceVersion "1"]
[SourceVersionDate "2017.08.23"]
[SourceQuality "1"]

1. e4 d5 2. exd5 Qxd5 3. Nc3 Qa5 4. d4 Nf6 5. Bd2 Qb6 6. Bc1 Nc6 7. Bb5 Bd7 8. Nge2 0-0-0 9. d5 Nb4 10. a3 Nbxd5 11. Nxd5 Nxd5 12. Qxd5 Bxb5 13. Qxf7 Qc6 14. Be3 Qxc2 15. Qe6+ Kb8 16. Bf4 Qxb2 17. Rc1 Rc8 18. Nc3 g5 19. Qe5 Bg7 20. Qxg7 gxf4 21. Rb1 Qc2 22. Rxb5 Qc1+ 23. Nd1 Rhd8 24. Rxb7+ Ka8 0-1

[Event "Zibo zt 3.5 (Women)"]
[Site "Zibo"]
[Date "2017.08.12"]
[Round "8"]
[White "Fu, Yuting"]
[Black "Wang, Xuwen"]
[Result "0-1"]
[WhiteElo "1953"]
[BlackElo "1619"]
[PlyCount "118"]
[EventDate "2017.08.07"]
[EventType "swiss"]
[EventRounds "11"]
[EventCountry "CHN"]
[SourceTitle "CBM 179 Extra"]
[Source "ChessBase"]
[SourceDate "2017.08.23"]
[SourceVersion "1"]
[SourceVersionDate "2017.08.23"]
[SourceQuality "1"]

1. d4 Nf6 2. c4 g6 3. Nc3 Bg7 4. e4 d6 5. f3 0-0 6. Be3 e5 7. Nge2 c6 8. Qd2 Nbd7 9. g4 Qa5 10. a3 b5 11. b4 Qa6 12. cxb5 cxb5 13. Ng3 Rb8 14. Nxb5 exd4 15. Nxd4 Qa4 16. Qd1 Qxd1+ 17. Rxd1 Ne5 18. Be2 a6 19. 0-0 Bb7 20. Nb3 d5 21. Bf4 Rfe8 22. g5 Nh5 23. Nxh5 gxh5 24. exd5 Rbd8 25. Nc5 Bxd5 26. Bxe5 Rxe5 27. Bxa6 Rxg5+ 28. Kf2 Re8 29. Rg1 Rf5 30. Rd3 Kh8 31. Rgd1 Bc6 32. Bc4 Bf6 33. Bd5 Bb5 34. R3d2 Bh4+ 35. Kg2 Be2 36. Rb1 Bg5 37. Bc6 Bxf3+ 38. Bxf3 Bxd2 39. Rb3 Rg5+ 40. Kf2 Be1+ 41. Kf1 Bh4 42. Ne4 Rg7 43. Bg2 f5 44. Nf2 Rge7 45. Bf3 Re1+ 46. Kg2 Rg8+ 47. Kh3 Bxf2 48. a4 f4 49. a5 Re3 50. Rxe3 fxe3 51. b5 Be1 52. a6 Ba5 53. Bxh5 Bb6 54. Bf3 Rg5 55. Be2 Kg7 56. Kh4 h6 57. h3 Kf6 58. Bd3 Ke5 59. Be2 Kd4 0-1

[Event "Zibo zt 3.5 (Women)"]
[Site "Zibo"]
[Date "2017.08.09"]
[Round "4"]
[White "Wang, Xuwen"]
[Black "Ha, Yihan"]
[Result "1-0"]
[WhiteElo "1619"]
[BlackElo "1538"]
[PlyCount "117"]
[EventDate "2017.08.07"]
[EventType "swiss"]
[EventRounds "11"]
[EventCountry "CHN"]
[SourceTitle "CBM 179 Extra"]
[Source "ChessBase"]
[SourceDate "2017.08.23"]
[SourceVersion "1"]
[SourceVersionDate "2017.08.23"]
[SourceQuality "1"]

1. e4 c6 2. d4 d5 3. Nc3 dxe4 4. Nxe4 Bf5 5. Ng3 Bg6 6. h4 h6 7. Nf3 Nd7 8. h5 Bh7 9. Bd3 Bxd3 10. Qxd3 e6 11. Bd2 Ngf6 12. 0-0-0 Be7 13. Qe2 0-0 14. Nf1 Qc7 15. g4 Nh7 16. Ng3 Rfe8 17. Ne4 Ndf6 18. Rdg1 Nxe4 19. Qxe4 Qd8 20. Ne5 Qd5 21. Qxd5 cxd5 22. f4 Rac8 23. g5 hxg5 24. fxg5 Bxg5 25. Bxg5 Nxg5 26. Rxg5 f6 27. h6 fxe5 28. Rxg7+ Kh8 29. dxe5 Rg8 30. Rhg1 b5 31. Kd2 a5 32. Kd3 Rgf8 33. R1g3 b4 34. Re7 Rce8 35. Rgg7 Rxe7 36. Rxe7 Rf3+ 37. Ke2 Rh3 38. Rxe6 Rh2+ 39. Kd3 Rh3+ 40. Kd4 Rh2 41. Rc6 Rd2+ 42. Ke3 Rh2 43. e6 Rh4 44. Kd3 Re4 45. Rd6 a4 46. Rxd5 Rxe6 47. Rd4 Rb6 48. c3 bxc3 49. Kxc3 Ra6 50. Kb4 a3 51. b3 Kh7 52. Rh4 Ra7 53. Kb5 Rf7 54. Ra4 Kxh6 55. Rxa3 Rf5+ 56. Ka4 Kg6 57. b4 Kf6 58. Re3 Kf7 59. b5 1-0

[Event "Zibo zt 3.5 (Women)"]
[Site "Zibo"]
[Date "2017.08.08"]
[Round "3"]
[White "Guo, Qi"]
[Black "Wang, Xuwen"]
[Result "1-0"]
[WhiteElo "2404"]
[BlackElo "1619"]
[PlyCount "89"]
[EventDate "2017.08.07"]
[EventType "swiss"]
[EventRounds "11"]
[EventCountry "CHN"]
[SourceTitle "CBM 179 Extra"]
[Source "ChessBase"]
[SourceDate "2017.08.23"]
[SourceVersion "1"]
[SourceVersionDate "2017.08.23"]
[SourceQuality "1"]

1. d4 Nf6 2. c4 g6 3. Nc3 Bg7 4. e4 d6 5. Be2 0-0 6. Nf3 Na6 7. 0-0 e5 8. Re1 Qe8 9. Bg5 h6 10. Bxf6 Bxf6 11. c5 Nb4 12. a3 Nc6 13. Nd5 Bd8 14. Qd2 Kg7 15. dxe5 dxe5 16. Qc3 f6 17. h3 Ne7 18. Bc4 c6 19. Ne3 Bc7 20. b4 Bd7 21. a4 g5 22. Nd2 h5 23. Ndf1 a6 24. Qb3 Ng6 25. Ng3 Nh4 26. Red1 Kg6 27. b5 axb5 28. axb5 Rxa1 29. Rxa1 cxb5 30. Be2 Rh8 31. Qd1 Kh6 32. Bxh5 Qc8 33. Be2 Rd8 34. Qb3 Be6 35. Qxb5 Rd2 36. Bg4 Bxg4 37. Nxg4+ Kg6 38. Rb1 Qb8 39. Ne3 Qf8 40. Rc1 Qa8 41. Nd5 Qb8 42. Qd7 Ba5 43. Nf5 Qh8 44. Nfe7+ Kh6 45. Qe6 1-0

[Event "Zibo zt 3.5 (Women)"]
[Site "Zibo"]
[Date "2017.08.08"]
[Round "2"]
[White "Guo, Weibao"]
[Black "Wang, Xuwen"]
[Result "1/2-1/2"]
[WhiteElo "1882"]
[BlackElo "1619"]
[PlyCount "94"]
[EventDate "2017.08.07"]
[EventType "swiss"]
[EventRounds "11"]
[EventCountry "CHN"]
[SourceTitle "CBM 179 Extra"]
[Source "ChessBase"]
[SourceDate "2017.08.23"]
[SourceVersion "1"]
[SourceVersionDate "2017.08.23"]
[SourceQuality "1"]

1. d4 Nf6 2. c4 g6 3. Nc3 Bg7 4. g3 0-0 5. Bg2 d6 6. Nf3 Nc6 7. 0-0 Bf5 8. d5 Na5 9. Nd4 Bd7 10. b3 c5 11. Nc2 e5 12. dxe6 Bxe6 13. Rb1 Ne8 14. Nd5 Nc6 15. Qd2 Nc7 16. Rd1 Bxd5 17. cxd5 Ne5 18. Bb2 b5 19. e4 f6 20. f4 Nd7 21. Ne3 Re8 22. h4 a5 23. h5 a4 24. Qe2 Qe7 25. Re1 Ra6 26. Qg4 Qf7 27. Qh4 axb3 28. axb3 Ra2 29. hxg6 hxg6 30. Bf3 Qe7 31. Qg4 Kf7 32. f5 g5 33. Qh5+ Kg8 34. Ng4 Qf7 35. Qh2 c4 36. bxc4 bxc4 37. Rec1 Nc5 38. Rxc4 Nb5 39. Nh6+ Bxh6 40. Qxh6 Nd3 41. Bxf6 Qa7+ 42. Bd4 Nxd4 43. Qg6+ Kf8 44. Qf6+ Kg8 45. Qxg5+ Kf8 46. Qf6+ Kg8 47. Qxd4 Ne5 1/2-1/2

[Event "Zibo zt 3.5 (Women)"]
[Site "Zibo"]
[Date "2017.08.07"]
[Round "1"]
[White "Wang, Xuwen"]
[Black "Sun, Fanghui"]
[Result "0-1"]
[WhiteElo "1619"]
[BlackElo "2068"]
[PlyCount "72"]
[EventDate "2017.08.07"]
[EventType "swiss"]
[EventRounds "11"]
[EventCountry "CHN"]
[SourceTitle "CBM 179 Extra"]
[Source "ChessBase"]
[SourceDate "2017.08.23"]
[SourceVersion "1"]
[SourceVersionDate "2017.08.23"]
[SourceQuality "1"]

1. e4 c5 2. Nf3 d6 3. d4 cxd4 4. Nxd4 Nf6 5. Nc3 a6 6. Bc4 e6 7. Bb3 Nbd7 8. Bg5 Nc5 9. Qe2 Be7 10. f4 h6 11. Bxf6 Bxf6 12. 0-0-0 Qc7 13. h4 h5 14. Kb1 Bd7 15. f5 0-0-0 16. Bc4 Kb8 17. b4 Qb6 18. a3 Rc8 19. fxe6 fxe6 20. Ka2 Bxd4 21. Rxd4 Na4 22. Qd3 Nxc3+ 23. Qxc3 e5 24. Rd2 Bb5 25. Qg3 Bxc4+ 26. Kb2 a5 27. c3 Qc6 28. Qg6 Rhd8 29. Rhd1 Qa4 30. Qg3 Qb3+ 31. Ka1 Qxa3+ 32. Kb1 axb4 33. Rc1 bxc3 34. Rdc2 Qb3+ 35. Ka1 Rc6 36. Rxc3 Ra6# 0-1

[Event "CHN-chB (Women)"]
[Site "Qinhuangdao"]
[Date "2017.07.20"]
[Round "9"]
[White "Lv, Xintong"]
[Black "Wang, Xuwen"]
[Result "1/2-1/2"]
[WhiteElo "1864"]
[BlackElo "1567"]
[PlyCount "164"]
[EventDate "2017.07.16"]
[EventType "swiss"]
[EventRounds "11"]
[EventCountry "CHN"]
[SourceTitle "CBM 179 Extra"]
[Source "ChessBase"]
[SourceDate "2017.08.23"]
[SourceVersion "1"]
[SourceVersionDate "2017.08.23"]
[SourceQuality "1"]

1. e4 c5 2. Nf3 d6 3. d4 cxd4 4. Nxd4 Nf6 5. Nc3 g6 6. Be3 Bg7 7. Be2 0-0 8. 0-0 Nc6 9. Kh1 Bd7 10. Nb3 a6 11. a4 Na5 12. Nxa5 Qxa5 13. Qd2 Qb4 14. Bd3 Rac8 15. Nd1 Qxd2 16. Bxd2 Bc6 17. f3 Nd7 18. c3 Nc5 19. Bc2 d5 20. b4 Nd7 21. exd5 Bxd5 22. Ne3 Be6 23. Ra3 Ne5 24. Be4 Rc7 25. Rd1 Rd8 26. Be1 Rxd1 27. Nxd1 f5 28. Bc2 Nc4 29. Ra1 Bd5 30. Kg1 e5 31. Bb3 e4 32. Bg3 Rc8 33. fxe4 fxe4 34. Ra2 Ne3 35. Bxd5+ Nxd5 36. Re2 Rc4 37. Be1 Nf4 38. Re3 Nd3 39. Bd2 Kf7 40. Kf1 Ke6 41. Re2 h5 42. g3 Ke5 43. Be3 Kd5 44. Bd2 Rc8 45. Ne3+ Ke5 46. Nd1 Rf8+ 47. Kg2 Rc8 48. Be3 Kd5 49. Bd2 Ne5 50. Ne3+ Ke6 51. Nd1 Rd8 52. Nf2 Rxd2 53. Rxd2 e3 54. Re2 exf2 55. Kxf2 Kd5 56. Ke3 Bh6+ 57. Kf2 Nd3+ 58. Kg2 Ne5 59. h3 Bg7 60. Rd2+ Kc4 61. Rd6 Nc6 62. Rxg6 Bxc3 63. b5 axb5 64. axb5 Kxb5 65. Rg5+ Kc4 66. Rxh5 b5 67. Rxb5 Kxb5 68. Kf3 Kc5 69. Kf4 Kd5 70. g4 Be5+ 71. Kg5 Ke6 72. h4 Bf6+ 73. Kh5 Kf7 74. g5 Be7 75. Kh6 Ne5 76. Kh7 Bd8 77. Kh6 Bb6 78. Kh7 Be3 79. Kh6 Kg8 80. Kh5 Bc5 81. Kh6 Be7 82. Kh5 Kg7 1/2-1/2

[Event "Wch U12 Girls"]
[Site "Batumi"]
[Date "2016.10.19"]
[Round "1"]
[White "Wang, Xuwen"]
[Black "Altantuya, Boldbaatar"]
[Result "0-1"]
[WhiteElo "1498"]
[BlackElo "1946"]
[PlyCount "52"]
[EventDate "2016.10.19"]
[EventType "swiss"]
[EventRounds "11"]
[EventCountry "GEO"]
[SourceTitle "EXT 2018"]
[Source "ChessBase"]
[SourceDate "2017.10.13"]
[SourceVersion "1"]
[SourceVersionDate "2017.10.13"]
[SourceQuality "1"]

1. e4 c5 2. Nf3 e6 3. d4 cxd4 4. Nxd4 Nf6 5. Nc3 d6 6. Be2 Nc6 7. Be3 Bd7 8. Nb3 Be7 9. 0-0 0-0 10. f4 a6 11. a4 Qc7 12. Bf3 Nb4 13. a5 Bc6 14. Kh1 d5 15. e5 Ne4 16. Bxe4 dxe4 17. Bb6 Qc8 18. Re1 Nd5 19. Nxd5 exd5 20. Qd4 Qg4 21. Rf1 Rac8 22. h3 Qg3 23. Rf2 Bh4 24. Nc5 Qxf2 25. Qxf2 Bxf2 26. Rf1 Be3 0-1